Nitra

Zobrazenie: Štyri čiastkové pohľady, každý v bielom orámovaní, všetky spolu v striebornom orámovaní. Uprostred hore je medzi pohľadmi zeleným písmom na bielom podkalde názov, pod ním je erb mesta. Pohľad na rieku Nitru v popredí, v poazdí vidno na brehu poschodové obytné domy, za nimi je vidno Nitri...

Celý popis

Podrobná bibliografia
Ďalší autori: Šmátrala, Milan (fotograf) (Fotograf)
Médium: Fotografia
Jazyk:slovenčina
Fyzický popis:1 pohľadnica (4 čiastkové pohľady) farebná 11 x 15 cm
Vydavateľské údaje: Bratislava Pravda 1988
Predmet:

MARC

LEADER 00000ckm a2200000 a 4500
001 vtls001202825
003 SK-MaSNL
005 20260331203145.0
007 kf co
008 230706s1988 xo g 0kuslo
015 |a SNBG1988 
035 |a SNK000145895 
035 |a 8648E37F-BC9A-4A9F-8762-41D9149770F3 
035 |a urn:nbn:sk:snk-km00giub 
040 |a SNK  |b slo  |c SNK  |e AACR2 
041 0 |a slo 
043 |a e-xo--- 
044 |a xo  |c SK 
072 7 |a 913  |x Regionálna geografia  |2 konspekt 
080 |a 913(437.6)  |2 2011 
080 |a 728.81  |2 2011 
080 |a 728  |2 2011 
080 |a 711.61  |2 2011 
080 |a 711.51  |2 2011 
080 |a 69.056.52  |2 2011 
080 |a 556.53  |2 2011 
080 |a 502.51  |2 2011 
080 |a 069  |2 2011 
080 |a 721  |2 2011 
080 |a 908(437.6)  |2 2011 
080 |a (282.243)  |2 2011 
080 |a 904:72  |2 2011 
080 |a 904(084.121)  |2 2011 
100 1 |a Šmátrala, Milan  |c (fotograf)  |4 pht  |9 164919 
245 1 0 |a Nitra  |h grafika  |c foto Milan Šmátrala 
246 1 |i Názov na obrazovej časti:  |a Nitra 
260 |a Bratislava  |b Pravda  |c 1988  |e [Bratislava]  |f TZP-B 
300 |a 1 pohľadnica (4 čiastkové pohľady)  |b farebná  |c 11 x 15 cm 
500 |a Na adresnej časti uvedené: " Nitra - mesto s bohatou históriou; jeho vývoj je bezprostredne spätý s kniežacím hradiskom. Historické pamiatky sú uchované od 11. stor. a nejmä barokové" 
520 8 |a Zobrazenie: Štyri čiastkové pohľady, každý v bielom orámovaní, všetky spolu v striebornom orámovaní. Uprostred hore je medzi pohľadmi zeleným písmom na bielom podkalde názov, pod ním je erb mesta. Pohľad na rieku Nitru v popredí, v poazdí vidno na brehu poschodové obytné domy, za nimi je vidno Nitriansky hrad. Pohľad na Ponitrianske múzeum v pozadí, v popredí je trávnatá plocha na námestí, vpraov je kvetinový záhon, vľavo vidno konáre listnatého stromu, vpravo dole je krík. Pohľad na rad budov vpravo na pešej zóne, v popredí vidno trávnatú plochu, vpravo je na jej okraji vysoká pouličná lampa. Pohľad na tránik, vpravo je ihličnatý strom. V pozdí je vidno množstvo panelových domov na sídlisku 
610 2 7 |a Nitriansky hrad  |2 SNKKA  |9 165089 
610 2 7 |a Ponitrianske múzeum v Nitre  |2 SNKKA  |9 35724 
650 0 7 |a rieky  |2 SNKPH  |9 29644 
650 0 7 |a obytné domy  |2 SNKPH  |9 66500 
650 0 7 |a hrady  |2 SNKPH  |9 3039 
650 0 7 |a múzeá  |2 SNKPH  |9 4119 
650 0 7 |a pešie zóny  |2 SNKPH  |9 31836 
650 0 7 |a námestia  |2 SNKPH  |9 26291 
650 0 7 |a budovy  |2 SNKPH  |9 1283 
650 0 7 |a panelové domy  |2 SNKPH  |9 71125 
650 0 7 |a sídliská  |2 SNKPH  |9 26585 
650 0 7 |a národné kultúrne pamiatky  |2 SNKPH  |9 31192 
651 7 |a Nitra (Slovensko)  |2 SNKPHgeo  |9 15714 
651 7 |a Nitra (Slovensko : rieka)  |2 SNKPHgeo  |9 56326 
655 7 |a miestne pohľadnice  |2 SNKPH  |9 70510 
655 7 |a geografické pohľadnice  |2 SNKPH  |9 70522 
655 7 |a pohľadnice kultúrnych pamiatok  |2 SNKPH  |9 70523 
852 |a Slovenská národná knižnica 
954 |a pohľadnice pôvodné (slovenské)  |2 lita 
958 |a GBN 
958 |a GC 
958 |a OND 
999 |c 968463  |d 970393 
952 |a SNK  |b SNK  |y PREZ  |7 0  |p 17A1408987  |o snkSP 140248  |i snk3385/88  |0 0  |1 0  |4 0  |d 2020-11-06  |f 1  |l 0  |r 2026-02-24 10:43:02  |w 2026-02-24 
952 |a SNK  |b SNK  |y PREZ  |7 0  |p 17A1409080  |o snkSP 140248 D1  |i snk3386/88  |0 0  |1 0  |4 0  |d 2020-11-06  |l 0  |r 2026-02-24 10:43:02  |w 2026-02-24